Stray Kids Members Quiz - Statistics

General Stats
  • This quiz has been taken 422 times
  • The average score is 8 of 8
Answer Stats
Hint Answer % Correct
. Bangchan
98%
. Felix
98%
. Changbin
96%
. Han
96%
. I.N
94%
. Lee Know
94%
. Hyunjin
92%
. Seungmin
92%
No matching quizzes found
Score Distribution
Percent of People with Each Score
Percentile by Number Answered
Your Score History
You have not taken this quiz